000 00958nam a22003017a 4500
001 0018935
003 KOHA_MİRAKIL
005 20260207002221.0
007 ta
008 100709b2010 tu |||gr||||#||||0|tur |
020 _a9752701957
040 _aTR-BiSEU
_btur
_cTR-BiSEU
_erda
041 0 _atur
044 _ctu
050 _aBF637
_b.E77 2010
100 1 _aErşahin, Cengiz.
245 1 _aKafesin içerisindeki hayat :
_b"başarıya, mutluluğa ve özgürlüğe yolculuk"/
_cCengiz Erşahin ; Cengiz Erşahin; edt. Fisun Dikmen.
264 1 _aAnkara :
_bTutku, c2008
_c2010
300 _a367 s. ;
_c24 cm.
336 _ametin
_btxt
_2rdacontent
337 _aaracısız
_bn
_2rdamedia
338 _acilt
_bnc
_2rdacarrier
650 0 _aSuccess--Psychological aspects.
_93251
650 0 _aInterpersonal relations.
_99209
650 0 _aBaşarı--Psikolojik yönler.
_94754
650 0 _aKişilerarası ilişkiler.
_96027
942 _2lcc
_cBK
999 _c18892
_d18892